| 000 | 00694cam a2200253 i 4500 | ||
|---|---|---|---|
| 999 |
_c200449562 _d67774 |
||
| 003 | TR-AnTOB | ||
| 005 | 20220825102113.0 | ||
| 007 | ta | ||
| 008 | 070312s1970 tu 00 tur tu tu tur | ||
| 040 |
_aETU _beng _erda _cTR-AnTOB |
||
| 041 | 0 | _atur | |
| 050 |
_aPL248.U57 _bL45 1970 |
||
| 090 |
_aPL248.U57 _bL45 1970 |
||
| 100 | 1 |
_aUmran, Sedat _932097 _eauthor |
|
| 245 | 1 | 0 |
_aLeke / _cSedat Umran. |
| 264 | 1 |
_aİstanbul: _bSoyut Yayınları, _c1970. |
|
| 300 |
_a182 pages ; _c21 cm |
||
| 336 |
_2rdacontent _atext _btxt |
||
| 337 |
_2rdamedia _aunmediated _bn |
||
| 338 |
_2rdacarrier _avolume _bnc |
||
| 650 | 7 |
_aTürk şiiri _2etuturkob _984273 |
|
| 942 |
_cBK _2lcc |
||